01366nam a22001937a 4500008004100000020001800041040000800059041000800067110003500075245009200110260005700202300003400259520069700293650003300990650003201023942000801055952009401063999001501157251124b |||||||| |||| 00| 0 eng d a9781496443694 ctbs aeng aCrossway Bibles926579eauthor aThe one year Bibleb: English standard version : containing the Old and New Testaments. aCarol Stream, IL :bTyndale House Publishers,c2001. a1 volume (unpaged) ; c21 cm. aThe One Year Bible makes reading through the entire Bible achievable with daily readings from the Old Testament, New Testament, Psalms, and Proverbs. This edition of The One Year Bible divides the entire text of the English Standard Version into 365 sections, guiding readers through the full Bible in one unforgettable year—in as little as 15 minutes a day. Easily Meet Your Goal to Read Through the Entire Bible in One Year The One Year Bible helps people read through the entire Bible in one year, giving them daily portions of Scripture in an easy-to-read format, helping those who have never read the Bible through or those who like to read the entire Bible yearly achieve their goal. 0aBiblexDevotional use926580 0aDevotional calendars923148 2lcc 00102lcc4070aTBSbTBSd2025-11-24l0oBS195 CROpB05613r2025-11-24t1w2025-11-24y1 c5198d5198